000
00245 a2200097 4500
001
16669
100
_a
Sears W.R
245
_a
General theory of high speed aerodynamics
260
_a
London
_b
Oxfordord university press
_c
090
_c
12569
_d
12569
942
_a
NUST-CAE
_c
M
_c
2857
999
_c
251742
_d
251742